000 01209nam a2200121Ia 4500
008 220620s9999||||xx |||||||||||||| ||und||
245 0 _aVitamin D in 2020
_bStop or Not Yet?
546 _aEnglish[eng]
650 _avitamin D||obesity||weight–loss||body composition||25(OH)vitamin D||biomarkers||dietary survey||public health||EU Menu||Slovenia||Europe||ageing||older persons||sensible sun exposure||cutaneous synthesis||vitamin D3||natural sunlight||serum 25(OH)D||autoimmune hepatitis||primary biliary cholangitis||health-related quality of life||mental well-being||breastmilk||infant||mother||plasma||vitamin D metabolites||3-Epi25(OH)D3||25-hvdroxyvitamin||vitamin D treatment||idiopathic hypercalciuria||urolithiasis||children||bone density||head and neck cancer||racial disparities||chemoprevention||UVB||microRNA||proteomic profiling||vitamin D status||disability||very old adults||vulvovaginal atrophy||VVA||vaginal maturation index||VMI||vaginal health||ergocalciferol||vitamin D supplement||sunlight exposure||barriers||indoor workers||female||focus group discussion||n/a
700 _aCourbebaisse, Marie||Cavalier, Etienne
856 _uhttps://mdpi.com/books/pdfview/book/3254
942 _cEB
999 _c26308
_d26308